| 000 | 00684nam a22002057a 4500 | ||
|---|---|---|---|
| 003 | OSt | ||
| 005 | 20230126131128.0 | ||
| 008 | 220916b |||||||| |||| 00| 0 eng d | ||
| 020 | _a0 936080 43 4 | ||
| 040 | _cBiblioteca Lado V | ||
| 082 |
_a7098 _bC761j |
||
| 110 |
_9645 _aContemporary Arts Museum, Houston _eautor |
||
| 245 | _aJames Turrell: Spirit and Light/ | ||
| 260 |
_aHouston, Texas _bDistributed Art Publishers _c1999 |
||
| 300 |
_a71p. _c21x26cm |
||
| 650 |
_2Tesauro de Arte & Arquitectura _aCATALOGO |
||
| 650 |
_2Tesauro de Arte & Arquitectura _aEXHIBICION |
||
| 650 |
_2Tesauro de Arte & Arquitectura _aARTE |
||
| 942 |
_2ddc _c1 _h708 _iC761j _n0 |
||
| 999 |
_c2919 _d2919 |
||